Is the AGA saga's goose truly cooked (Record no. 82265)

MARC details
000 -LEADER
fixed length control field 00933cad a22002175a 4500
001 - CONTROL NUMBER
control field L149728
008 - FIXED-LENGTH DATA ELEMENTS--GENERAL INFORMATION
fixed length control field 100415e20100403xxk 000 0 eng d
035 ## - SYSTEM CONTROL NUMBER
System control number (Sirsi) u149728
041 0# - LANGUAGE CODE
Language code of text/sound track or separate title eng
100 1# - MAIN ENTRY--PERSONAL NAME
Personal name Slessenger, Emma
245 00 - TITLE STATEMENT
Title Is the AGA saga's goose truly cooked
260 ## - PUBLICATION, DISTRIBUTION, ETC.
Date of publication, distribution, etc. 2010
490 ## - SERIES STATEMENT
Series statement Estates Gazette
Volume/sequential designation (1013) 3 April 2010, 74-76(3)
520 ## - SUMMARY, ETC.
Summary, etc. "Good Harvest Partnership LLP v Centaur Services Ltd" [2010] EWHC 330 (Ch) (L149727) clarifies the law on authorised guarantee agreements following a lawful assignment of a lease in accordance with Landlord and Tenant (Covenants) Act 1995. Considers its practical effects on parties to a lease.
590 ## - LOCAL NOTE (RLIN)
Local note KA
650 24 - SUBJECT ADDED ENTRY--TOPICAL TERM
Topical term or geographic name entry element GOOD HARVEST PARTNERSHIP LLP V CENTAUR SERVICES LTD
650 24 - SUBJECT ADDED ENTRY--TOPICAL TERM
Topical term or geographic name entry element LANDLORD AND TENANT (COVENANTS) ACT 1995
651 #4 - SUBJECT ADDED ENTRY--GEOGRAPHIC NAME
Geographic name ENGLAND AND WALES
690 ## - LOCAL SUBJECT ADDED ENTRY--TOPICAL TERM (OCLC, RLIN)
Topical term or geographic name as entry element PROPERTY-COMMERCIAL PROPERTY-COMMERCIAL LANDLORD AND TENANT
942 ## - ADDED ENTRY ELEMENTS (KOHA)
Suppress in OPAC 0
Holdings
Withdrawn status Lost status Source of classification or shelving scheme Damaged status Not for loan Home library Current library Shelving location Date acquired Total Checkouts Full call number Barcode Date last seen Copy number Price effective from Koha item type
    Dewey Decimal Classification     London London Journal article 15/04/2010   L149728 149728-1001 06/08/2019 1 06/08/2019 Journal article